Sirip dan sayap (Record no. 27810)

MARC details
000 -LEADER
fixed length control field 00769nam a2200289 i 4500
001 - CONTROL NUMBER
control field C2-0111620
003 - CONTROL NUMBER IDENTIFIER
control field PPAK
005 - DATE AND TIME OF LATEST TRANSACTION
control field 20180727103453.0
008 - FIXED-LENGTH DATA ELEMENTS--GENERAL INFORMATION
fixed length control field 970626s1994 my a|||| ||||| | may d
020 ## - INTERNATIONAL STANDARD BOOK NUMBER
International Standard Book Number 9679025500
040 ## - CATALOGING SOURCE
Original cataloging agency PPAK
Language of cataloging eng
Transcribing agency PPAK
Description conventions rda
082 04 - DEWEY DECIMAL CLASSIFICATION NUMBER
Classification number 591.1042
Edition number 23
090 00 - LOCALLY ASSIGNED LC-TYPE CALL NUMBER (OCLC); LOCAL CALL NUMBER (RLIN)
Classification number (OCLC) (R) ; Classification number, CALL (RLIN) (NR) 591.1042
Feature heading HEM
Feature heading K
Classification number (OCLC) (R) ; Classification number, CALL (RLIN) (NR) 591.1042
Feature heading HEM
Feature heading R
Classification number (OCLC) (R) ; Classification number, CALL (RLIN) (NR) 591.1042
Feature heading HEM
Feature heading RK
100 1# - MAIN ENTRY--PERSONAL NAME
Personal name Hemsley, William,
Relator term author
245 10 - TITLE STATEMENT
Title Sirip dan sayap
264 #1 - PRODUCTION, PUBLICATION, DISTRIBUTION, MANUFACTURE, AND COPYRIGHT NOTICE
Place of production, publication, distribution, manufacture Kuala Lumpur :
Name of producer, publisher, distributor, manufacturer Sistem ,
Date of production, publication, distribution, manufacture, or copyright notice 1994
300 ## - PHYSICAL DESCRIPTION
Extent 32 pages :
Other physical details colour illustrations ;
Dimensions 29 cm
336 ## - CONTENT TYPE
Source rdacontent
Content type term text
337 ## - MEDIA TYPE
Source rdamedia
Media type term unmediated
338 ## - CARRIER TYPE
Source rdacarrier
Carrier type term volume
490 1# - SERIES STATEMENT
Series statement Siri fokus sains
650 10 - SUBJECT ADDED ENTRY--TOPICAL TERM
Topical term or geographic name entry element Wings
830 #0 - SERIES ADDED ENTRY--UNIFORM TITLE
Uniform title Siri fokus sains
942 ## - ADDED ENTRY ELEMENTS (KOHA)
-- dc
Koha item type Book
Holdings
Withdrawn Not for loan Current library Shelving location Date acquired Full call number Barcode Date last seen Koha item type Total Checkouts Total Renewals Date last checked out
  Not For Loan Perpustakaan Alor Setar Rujukan Kanak-kanak 17/12/1997 RK 591.1042 HEM A00083967 08/05/2018 Book      
    Perpustakaan Alor Setar Pinjaman Kanak-kanak 25/08/1997 K 591.1042 HEM A00055376 08/05/2018 Book      
    Perpustakaan Alor Setar Pinjaman Kanak-kanak 23/08/1997 K 591.1042 HEM A00054089 08/12/2022 Book 2 2 30/10/2022
  Not For Loan Perpustakaan Alor Setar Rujukan Kanak-kanak 17/12/1997 RK 591.1042 HEM A00083968 08/05/2018 Book      
    Perpustakaan Awam Sungai Petani Pinjaman Kanak-kanak 30/11/2003 K 591.1042 HEM A00403652 08/05/2018 Book      
  Not For Loan Perpustakaan Awam Sungai Petani Rujukan Kanak-kanak 24/02/2004 RK 591.1042 HEM A00436672 08/05/2018 Book      
    Perpustakaan Awam Sungai Petani Pinjaman Kanak-kanak 30/11/2003 K 591.1042 HEM A00403653 08/05/2018 Book      
  Not For Loan Perpustakaan Awam Sungai Petani Rujukan Kanak-kanak 29/02/2004 RK 591.1042 HEM A00427948 08/05/2018 Book      
  Not For Loan Perpustakaan Jitra Rujukan Kanak-kanak 25/05/2004 RK 591.1042 HEM A00849988 08/05/2018 Book      
  Not For Loan Perpustakaan Jitra Rujukan Kanak-kanak 25/05/2004 RK 591.1042 HEM A00849999 08/05/2018 Book      
    Perpustakaan Jitra Pinjaman Kanak-kanak 23/11/2003 K 591.1042 HEM A00828578 08/05/2018 Book      
    Perpustakaan Jitra Pinjaman Kanak-kanak 23/11/2003 K 591.1042 HEM A00828575 08/05/2018 Book      
  Not For Loan Perpustakaan Kulim Rujukan Kanak-kanak 11/02/2004 RK 591.1042 HEM A00340750 08/05/2018 Book      
  Not For Loan Perpustakaan Kulim Rujukan Kanak-kanak 15/02/2004 RK 591.1042 HEM A00340950 08/05/2018 Book      
    Perpustakaan Kulim Pinjaman Kanak-kanak 07/03/2006 K 591.1042 HEM A00340939 08/05/2018 Book      
  Not For Loan Perpustakaan Yan Rujukan Kanak-kanak 15/02/2004 RK 591.1042 HEM A00163640 06/12/2021 Book      
  Not For Loan PD30, Bandar Baru Beris Jaya, Sik Rujukan Kanak-kanak 02/12/2004 RK 591.1042 HEM A00316535 08/05/2018 Book